| 000 | 00876nam a2200313 4500 | ||
|---|---|---|---|
| 005 | 20260322212051.0 | ||
| 008 | data | ||
| 010 | _a 74011272 //r902 | ||
| 015 | _aGB75-2264 | ||
| 020 | _a0471088854 | ||
| 020 | _a9780471088851 | ||
| 040 |
_aDLC _cDLC _dUKM _dUKM |
||
| 050 | 0 | 0 |
_aRC337 _b.B67 |
| 060 | _aWM420 B729r | ||
| 096 | _aWM 420 B645r 1974 | ||
| 100 | 1 | _aBordin, Edward S. | |
| 245 | 1 | 0 |
_aResearch strategies in psychotherapy _c[by] Edward S. Bordin. |
| 260 |
_aNew York, _bWiley _c[1974] |
||
| 300 |
_aix, 272 p. _c23 cm. |
||
| 440 | 0 | _aWiley series on personality processes | |
| 500 | _a"A Wiley-Interscience publication." | ||
| 504 | _aBibliography: p. 223-258. | ||
| 590 | _aIncludes index. | ||
| 650 | 0 |
_aPsychiatry _xResearch. |
|
| 650 | 0 | _aPsychotherapy. | |
| 650 | 2 | _aPsychotherapy. | |
| 653 |
_aResearch _aPsychotherapy _aResearch |
||
| 001 | data | ||
| 999 |
_c1212 _d1212 |
||